FC Joueurs en C - Statistiques

Statistiques générales
  • Ce quiz a été pris 102 fois
  • Le résultat moyen est 6 sur 11
Statistiques - réponses
Poste Nationalité 2 Clubs phares Joueur % Correct
G Belgique Chelsea/Réal Madrid Thibaut Courtois
100%
MDC Brésil Réal Madrid/Manchester United Casemiro
81%
MCD Allemagne Juventus/Borussia Dortmund Emre Can
76%
DD Brésil AS Roma/AC Milan Marcos Cafu
67%
DCD Italie Réal Madrid/Juventus Fabio Cannavaro
66%
MOC Turquie Bayer Leverkusen/Inter Milan Hakan Calhanoglu
58%
DG Brésil Inter Milan/Réal Madrid Roberto Carlos
58%
BUD Italie Juventus/Liverpool Federico Chisea
50%
MCG Espagne Arsenal/ Réal Madrid Dani Ceballos
27%
DCG Uruguay Atlético Madrid/Espanyol Barcelone Leandro Cabrera
3%
BUG Argentine Inter Milan/Lazio Rome Julio Cruz
1%
Aucun quiz correspondant
Distribution des résultats
% des personnes avec chaque résultat
Percentile par nombre de réponses
Votre historique - résultats
Vous n’avez pas pris ce quiz